000 00528nam a2200193Ia 4500
003 GCL
008 140319s9999 xx 000 0 ara d
040 _aGCL /
_cGCL
082 0 4 _a813.03
_bن ج
100 1 _aنجيب محفوظ
245 1 0 _aحضرةالمحترم /
_cنجيب محفوظ
260 _aالقاهرة :
_bمكتبة مصر
300 _a186 ص ؛
_c24سم
490 _a
650 0 4 _aالادب العربى
650 0 4 _aالقصة العربية
650 0 4 _aنجيب محفوظ
942 _2ddc
_cBK
999 _c39451
_d39451